000 00611nam a2200217 a 4500
001 18516
003 CO-ViMGA
008 141112s2004 ck r 000 u spa d
020 _a8489979963
040 _aCO-ViMGA
_bspa
_cCO-ViMGA
082 0 4 _aDETa
100 1 _aDucrut - Rosset, Florence
_926359
245 1 0 _aEl asesino vive al lado
260 _aMadríd (España),
_cIntermón,
_c1999
300 _a63.p.
590 _aForma de adquisición : Premio - Mincultura
650 1 4 _aCUENTOS INFANTILES
_92743
650 1 4 _aMIEDOS INFANTILES
_926360
650 1 4 _aVALORES - educación
_926361
942 _2ddc
_cBK
999 _c27794
_d27794